000
003060000a22001450004500
003
MACL
040
_a
MACL
090
_c
32114
_d
32112
100
_a
Jamnadas, C
245
_a
Administrative Law
260
_b
C. Jamnadas & Co.
350
_a
85
650
_a
Administrative Law
942
_c
BOOK
_k
342.06/Jam
999
_c
31789
_d
31789